书目信息 |
| 书名: | WE'LL MEET AGAIN | |
| 作者: | MARY HIGGINS CLARK | |
| 分册号: | ||
| 分册名: | 出版地: | Graet Britain |
|
| 出版社: | POCKET BOOKS | |
| 出版时间: | 1999 | |
| 页数: | 369p | |
| 开本: | 20cm | |
| 丛书名: | ||
| 中图分类号: | ||
| 科图分类号: | ||
| 其他分类号: | I712.45 | |
| 主题词: | ||
| 电子资源: | ||
| 000 | 00527nam0 2200205 450 | |
| 001 | 052012181536 | |
| 005 | 20121114150657.0 | |
| 008 | 20021229d1997 em y0chiy0121 ea | |
| 020 | @a978-1-84739-296-1@c$6.99 | |
| 041 | @aeng | |
| 091 | @aI712.45 | |
| 099 | @dI712.45@eM3932 | |
| 100 | @aMARY HIGGINS CLARK | |
| 245 | 10 | @aWE'LL MEET AGAIN @cMARY HIGGINS CLARK |
| 260 | @aGraet Britain@bPOCKET BOOKS@c1999 | |
| 300 | @a369p@c20cm | |
| 521 | @aWE'LL MEET AGAIN | |
| 905 | @b10858 | |
| 905 | @b11409 | |
| 905 | @aTSG@dI712.45@eM3932 | |
| WE'LL MEET AGAIN / MARY HIGGINS CLARK.-Graet Britain : POCKET BOOKS , 1999 |
| 369p ; 20cm |
| WE'LL MEET AGAIN |
| ISBN 978-1-84739-296-1$6.99 |
| ● |
| 相关链接 |
|
|
|
正题名:WE'LL MEET AGAIN
索取号:I712.45/M3932
 
预约/预借
| 序号 | 登录号 | 条形码 | 馆藏地/架位号 | 状态 | 备注 |